Statistics for 1001 Albums You Must Hear Before You Die - The 50s

Click here to take the quiz!

General Stats

  • This quiz has been taken 75 times
  • The average score is 13 of 23

Answer Stats

AlbumYearArtist% Correct
Elvis Presley1956Elvis Presley
100%
Here's Little Richard1957Little Richard
94%
The Genius Of Ray Charles1959Ray Charles
90%
Ellington At Newport 19561956Duke Ellington
85%
This Is Fats1956Fats Domino
85%
Sarah Vaughan At Mister Kelly's1958Sarah Vaughan
85%
The "Chirping" Crickets1957The Crickets
85%
The Atomic Mr. Basie1957Count Basie
79%
In The Wee Small Hours1955Frank Sinatra
77%
Songs For Swinging Lovers!1956Frank Sinatra
77%
Kind Of Blue1959Miles Davis
66%
Birth Of The Cool1957Miles Davis
66%
Sings The Gershwin Song Book1959Ella Fitzgerald
52%
Lady In Satin1958Billie Holiday
45%
Gunfighter Ballads And Trail Songs1959Marty Robbins
39%
Time Out1959The Dave Brubeck Quartet
39%
The Wildest!1956Louis Prima
29%
Brilliant Corners1957Thelonious Monk
27%
Tragic Songs Of Life1956The Louvin Brothers
19%
Dance Mania, Vol. 11958Tito Puente And His Orchestra
18%
Kenya1957Machito
16%
Palo Congo1957Sabu
16%
Jack Takes The Floor1958Jack Elliott
15%

Score Distribution

Percentile by Number Answered

Percent of People with Each Score

Your Score History

You have not taken this quiz